000 00596nam a22001817a 4500
010 _aENG-120381
020 _a9788184621389
_c2500.00
035 _aEN-103913
037 _bDBAD /PUB
082 _a230.2
100 _aChandrika
245 _aRama:
_bthe human expression of the divine /
_cby Chandrika
260 _aMumbai
_bVakils,feffer and simons
_c2017
270 _aIndustry manor,appasaheb marathe marg,Prabhadevi
_bMumbai
_e400025
300 _axxviii,548p. :
_c26cm(Hb)
_bill(col.).
500 _aIncludes bibliographical references.
942 _2ddc
_cEN
_h230.2
_mCHA
999 _c144365
_d144365